| 000 | 00517cam a2200217ua 4500 | ||
|---|---|---|---|
| 020 | _c16.50 | ||
| 041 |
_aeng _h |
||
| 082 |
_a621.8 _bHAM/ME |
||
| 100 | _aHam, C W. | ||
| 245 |
_aMechanics of machinery / _cC W Ham. _hTextual Documents |
||
| 250 |
_a4 / _b. |
||
| 260 |
_aNew York : _bMcGraw Hill Book Company , _c1958. |
||
| 300 | _a509 ; . | ||
| 365 | _a16.50 | ||
| 504 | _a | ||
| 700 | 1 | _aCrane, E J . | |
| 700 | 1 | _aRogers, W L . | |
| 942 | _cBK | ||
| 999 |
_c6722 _d6722 |
||